अनमिल आखर/ (Record no. 203014)

MARC details
000 -LEADER
fixed length control field 00776nam a22001937a 4500
005 - DATE AND TIME OF LATEST TRANSACTION
control field 20240520125703.0
010 ## - LCCN (DPL NO)
LC control number HIN-127655
020 ## - INTERNATIONAL STANDARD BOOK NUMBER
Terms of availability 100.00
035 ## - SYSTEM CONTROL NUMBER
System control number HN-100001
037 ## - SOURCE OF ACQUISITION
Source of stock number/acquisition DBAD
082 ## - DEWEY DECIMAL CLASSIFICATION NUMBER
Classification number 828
100 ## - MAIN ENTRY--PERSONAL NAME
Personal name झा, कृष्ण चन्द्र
245 ## - TITLE STATEMENT
Title अनमिल आखर/
Statement of responsibility, etc कृष्ण चन्द्र झा
260 ## - PUBLICATION, DISTRIBUTION, ETC. (IMPRINT)
Place of publication, distribution, etc दरभंगा
Name of publisher, distributor, etc गोदावरी प्रकाशन
Date of publication, distribution, etc 2017
270 ## - ADDRESS
Address प्रोफेसर कॉलोनी, दिग्घी पश्चिम
City दरभंगा
Postal code 846004
300 ## - PHYSICAL DESCRIPTION
Extent 83 प्.
Dimensions 21 से.मी. (अजिल्द).
700 ## - ADDED ENTRY--PERSONAL NAME
Personal name झा, कृष्ण चन्द्र
9 (RLIN) 66297
942 ## - ADDED ENTRY ELEMENTS (KOHA)
Source of classification or shelving scheme Dewey Decimal Classification
Item type Hindi Books
Classification part 828
Call number suffix झाकृष्ण
Holdings
Withdrawn status Lost status Not for loan Collection code Home library Current library Date acquired Source of acquisition Cost, normal purchase price Full call number Barcode Copy number Cost, replacement price Koha item type
      Fiction Ashok Vihar Ashok Vihar 20/05/2024 DBAD 100.00 828 झाकृष्ण HN-100001 1 100.00 Hindi Books

© Delhi Public Library
Hit Counter
free hit counter